La Política monetaria y las fluctuaciones de la economía española en el siglo XIX / Joan Sardà ; pròleg de Luis Ángel Rojo
Descripción Física:
366 p. ; 20 cm
Colección:
Clàssics del Pensament Econòmic Català ; 12
Otros Autores:
Rojo, Luis Ángel, pr
MARC
| LEADER | 00000nam a2200000Ia 4500 | ||
|---|---|---|---|
| 001 | 11957 | ||
| 008 | 160829s1998 xx 000 0 cat d | ||
| 080 | |a M-2-135 | ||
| 100 | |a Sardà i Dexeus, Joan |9 21046 | ||
| 245 | |a La Política monetaria y las fluctuaciones de la economía española en el siglo XIX / Joan Sardà ; pròleg de Luis Ángel Rojo | ||
| 260 | |a Barcelona : |b Alta Fulla : |b Diputació de Barcelona, |c 1998 | ||
| 300 | |a 366 p. ; |c 20 cm | ||
| 490 | |a Clàssics del Pensament Econòmic Català ; 12 | ||
| 650 | |a Economia |x Espanya |x S. XIX |9 21047 | ||
| 650 | |a Qüestió monetaria |x Espanya |x S. XIX |9 21048 | ||
| 650 | |a Deute exterior |x Espanya |x S. XIX I |9 21049 | ||
| 650 | |a Espanya |x Condicions econòmiques |x S. XIX |9 21050 | ||
| 700 | |a Rojo, Luis Ángel, pr. |9 26432 | ||
| 710 | 1 | |a Barcelona (Catalunya : Província). |b Diputació |9 52408 | |
| 901 | |a Arxiu | ||
| 942 | |n 1 | ||
| 952 | |0 0 |1 0 |4 0 |6 M2135 |7 1 |9 41779 |a Arxiu |b Arxiu |d 2016-12-01 |l 0 |o M-2-135 |p 11957 |r 2016-12-01 00:00:00 |w 2016-12-01 |y ARXIU | ||
| 999 | |c 43669 |d 43669 | ||